000 00638nmm a2200253 a 4500
003 AR-BaBNM
005 20251128203503.0
008 107119s1975 ||||||||||||||000 | spa||
040 _cAR-BaBNM
100 1 _aBagalio, Alfredo S.
245 1 0 _aTíteres y titiriteros en el Buenos Aires colonial
250 _a2ª ed.
260 _aBuenos Aires
_bAta
_c1975
300 0 _a51 p.
650 4 _aTEATRO ESCOLAR
650 4 _aSIGLO DIECINUEVE
651 4 _aBuenos Aires [Provincia]
651 4 _aArgentina
653 0 _aEDUCACION PRIMARIA
653 0 _aTITERES
653 0 _aTALLERES EDUCATIVOS
942 _cBK
998 _cCarmen
999 _c3609
_d3609